01952nam2a22002651 4500001001100000005001700011021001900028035002600047100004100073101000800114102000700122105001800129200025900147210009200406215001900498461073100517606010201248606013301350702003401483702003201517702007301549801001801622801002201640852002401662rc\393691320250611031056.0 aRUb[53-23415] a(NLR Aleph) 008036029 a20130415d1948 |||y0rusy50 ca0 arus aRU aa z |||||1 aОгнестрельные ранения таза и мочеполовой системыfСост.: засл. деятель науки проф. А.В. Смирнов, д-р мед. наук Г.А. Гомзяков, проф. Б.А. Шмуклер a[Ленинград]cМедгиз. Ленингр. отд-ниеd1948gТип. М 305 a324 с.cил. 01001rc\393690612001#$aАтлас огнестрельных ранений$fПод ред. ген.-лейт. мед. службы действ. чл. Акад. мед. наук СССР П.А. Куприянова, полк. мед. службы проф. И.С. Колесникова$gГл. воен.-мед. упр. Вооруж. Сил СССР. 1-$v4. Кн. 2c[Ленинград]d1948fПод ред. ген.-лейт. мед. службы действ. чл. Акад. мед. наук СССР П.А. Куприянова, полк. мед. службы проф. И.С. КолесниковаnМедгиз. Ленингр. отд-ниеtАтлас огнестрельных раненийv4. Кн. 2 aТазxРаны и травмы, огнестрельныеjАтласы (т. 4, кн. 2)2psbo aМочеполовая системаxРаны и травмы, огнестрельныеjАтласы (т. 4, кн. 2)2psbo 1aГомзяковbГ.А.4220 1aШмуклерbБ.А.4220 1aСмирновbА.В.gАлександр Васильевич4220 0aRUbNLRgpsbo 1aRUbELAR2rusmarc aNLRjМд40 Г-7/40